000
00271nam a22001217a 4500
008
170527b xxu||||| |||| 00| 0 eng d
041
_a
GER
080
_a
621.3
100
_a
25
101
_a
im
245
_a
ANWENDUNG DIGITALER BAUSTEINE
_c
JANSEN, J.H
942
_2
udc
_c
BK
999
_c
14636
_d
14636